Propuesta de mejoramiento del sistema de climatización del edificio de la biblioteca Esmán Marín UNI-RUSB
Presenta propuesta de mejoramiento del sistema de climatización del edificio de la biblioteca Esmán Marín UNI-RUSB en el cual se realizó un diagnóstico del sistema de climatización así como la elaboración de propuestas de alternativas de mejoras y la viabilidad técnico ambiental económica....
| Main Authors: | , |
|---|---|
| Other Authors: | |
| Format: | Tesis Section = Libro |
| Language: | Undetermined Spanish |
| Published: |
Managua
UNI
2017
|
| Subjects: |
| LEADER | 01173nam a2200265Ia 4500 | ||
|---|---|---|---|
| 008 | 240830s9999 xx 000 0 und d | ||
| 040 | |a BIBLIOTECA-RUPAP Mon 697.93 T787 | ||
| 041 | |a spa | ||
| 082 | |a Mon 697.93 T787 | ||
| 100 | 1 | |a Trejos Murillo, Eddy Antonio | |
| 100 | 1 | |b Gutiérrez Salmerón, Orlando Ariel. | |
| 245 | 1 | 0 | |a Propuesta de mejoramiento del sistema de climatización del edificio de la biblioteca Esmán Marín UNI-RUSB |
| 260 | |a Managua |b UNI |c 2017 | ||
| 300 | |a 124 p. :il. | ||
| 500 | |a Contiene anexos y CD | ||
| 502 | |a Tesis (Ingeniero Mecánico)- UNI, 2017. | ||
| 520 | 3 | |a Presenta propuesta de mejoramiento del sistema de climatización del edificio de la biblioteca Esmán Marín UNI-RUSB en el cual se realizó un diagnóstico del sistema de climatización así como la elaboración de propuestas de alternativas de mejoras y la viabilidad técnico ambiental económica. | |
| 650 | 7 | |a AIRE ACONDICIONADO | |
| 650 | 7 | |b SISTEMA DE CLIMATIZACION | |
| 650 | 7 | |c EDIFICIOS DE BIBLIOTECA | |
| 650 | 7 | |d PLAN DE MANTENIMIENTO | |
| 700 | 1 | |a Tutor: |b Artola Chavarría, Lester Antonio | |
| 942 | |c BK |2 ddc | ||
| 991 | |a TESIS | ||
| 999 | |c 17970 | ||